| 000 | 00341nam a22001337a 4500 | ||
|---|---|---|---|
| 020 | _a9788190906531 | ||
| 082 |
_a631.1 _bMCC/IN |
||
| 100 |
_aMcColly, H.F _aMartin, J.W _9296 |
||
| 245 | _aIntroduction to agricultural engineering | ||
| 260 |
_aJodhpur _bAxis books (India) _c2010 |
||
| 300 | _a553 | ||
| 700 |
_aMartin, J.W _9297 |
||
| 942 | _cBK | ||
| 999 |
_c13984 _d13984 |
||